00484nam a2200121Ia 4500008004100000100002100041245008700062245004300149260000900192856006900201999001900270952007300289160609s9999 xx 000 0 und d aTaylor, James L. aMickey Spillane On Screen: A Complete Study Of The Television And Film Adaptations cBy:James L. Traylor, Max Allan Collins c2012 uhttp://file.ebook777.com/MicSpiOnScrAComStuOfTheTelAndFilAda.pdf c295676d295676 001040aCLbCLd2016-06-09l0r2016-06-09 00:00:00w2016-06-09yCBE